000 00581nam a2200217Ia 4500
005 20250923145712.0
008 008 250917s9999 xx 000 0 eng d
037 _aTextual
040 _aDSWL
_beng
_cDSWL
041 _aeng
_2eng
084 _aXN51, N62
_qDSWL
100 _aSuresh, Ram
_9838108
245 0 _aVinoba and his mission
_c by RamSuresh
250 _a3rd
260 _aVaranasi
_bSatva Seva Sangh Prak.
_c1962
300 _axvi,516 p.
365 _aINR
_b14.40
925 _g14.40
942 _cTEXL
_hXN51, N62
999 _c1454537
_d1454537